| 000 | 00919nam a2200241 a 4500 | ||
|---|---|---|---|
| 001 | 55666 | ||
| 003 | BD-RjUL | ||
| 005 | 20211209080311.0 | ||
| 008 | 161120s1974 bg ||||| |||| 00| 0 ben d | ||
| 035 | _a(BD-RjUL)55790 | ||
| 040 |
_aBD-RjUL _bben _cBD-RjUL _dBD-RjUL |
||
| 041 | _aben | ||
| 082 |
_223 _a891.44109 _bRAN 1974 |
||
| 100 |
_aরহমান, আতাউর _9165810 |
||
| 245 | 1 | 0 |
_aনজরুল কাব্য-সমীক্ষা / _cআতাউর রহমান |
| 250 | _a৩য় সং | ||
| 260 |
_aঢাকা : _bমুক্তধারা, _c১৯৭৪. |
||
| 300 |
_a৩৩০ পৃ. : _bচিত্র ; _c২৩ সেমি. |
||
| 500 | _aনির্ঘন্ট সংযুক্ত | ||
| 650 |
_aবাংলা কবিতা _vইতিহাস ও সমালোচনা _9117724 |
||
| 650 |
_aBengali Poetry _vHistory and Criticism _9117725 |
||
| 942 |
_2ddc _cBK _01 |
||
| 999 |
_c55666 _d55666 |
||